[Event "Olimpiade 2014 - Open"]
[Site "Tromsø"]
[Date "03.08.2014"]
[Round "2.12"]
[Board "2"]
[White "Munoz Sanchez, Miguel"]
[Black "L'Ami, Erwin"]
[Result "0-1"]
[WhiteTitle "IM"]
[BlackTitle "GM"]
[WhiteElo "2296"]
[BlackElo "2631"]
[WhiteTeam "Ecuador"]
[BlackTeam "Netherlands"]
[WhiteFideId "3600734"]
[BlackFideId "1007998"]
[EventDate "2014.08.02"]

1. d4 Nf6 2. c4 e6 3. Nf3 b6 4. g3 Bb7 5. Bg2 Be7 6. O-O O-O 7. Nc3 Ne4 8. Qc2
Nxc3 9. bxc3 Nc6 10. Ne5 Na5 11. Bxb7 Nxb7 12. Qa4 d6 13. Nc6 Qe8 14. d5 Na5 15.
Nxe7+ Qxe7 16. Be3 Qe8 17. Qb4 c5 18. Qb5 exd5 19. Rad1 Nxc4 20. Qxe8 Rfxe8 21.
Rxd5 Rad8 22. Rd3 Kf8 23. Re1 Nxe3 24. fxe3 Re4 25. Red1 Ke7 26. Kf2 b5 27. Kf3
Ra4 28. R1d2 a5 29. e4 f6 30. g4 Ra3 31. Kf4 Ke6 32. h4 b4 33. c4 Rxd3 34. exd3
a4 35. Ke3 Rb8 36. d4 b3 37. axb3 Rxb3+ 38. Kf4 cxd4 39. Rxd4 Rb4 40. Rd5 Rxc4
41. Ke3 Rc5 42. Kd4 0-1

[Event "Olimpiade 2014 - Open"]
[Site "Tromsø"]
[Date "03.08.2014"]
[Round "2.12"]
[Board "3"]
[White "Tiviakov, Sergei"]
[Black "Mieles Palau, Daniel"]
[Result "1-0"]
[WhiteTitle "GM"]
[BlackTitle "IM"]
[WhiteElo "2664"]
[BlackElo "2374"]
[WhiteTeam "Netherlands"]
[BlackTeam "Ecuador"]
[WhiteFideId "1008013"]
[BlackFideId "3600467"]
[EventDate "2014.08.02"]

1. e4 c5 2. Nc3 Nc6 3. Bb5 Nd4 4. Nf3 e6 5. O-O a6 6. Bd3 Nxf3+ 7. Qxf3 Qc7 8.
b3 Bd6 9. Qh3 b5 10. a4 c4 11. Be2 b4 12. Nd1 Nf6 13. bxc4 Nxe4 14. d3 Be5 15.
Rb1 Nc3 16. Nxc3 Bxc3 17. Bf3 Bb7 18. Bb2 Bxb2 19. Rxb2 a5 20. c3 Bxf3 21. Qxf3
Rb8 22. Rfb1 Qd6 23. Qg3 Ke7 24. Qxd6+ Kxd6 25. cxb4 axb4 26. Rxb4 Rxb4 27. Rxb4
Ra8 28. g3 Kc5 29. Rb5+ Kc6 30. a5 d5 31. Kf1 dxc4 32. dxc4 Rd8 33. Ke2 Rd4 34.
Rb6+ Kc7 35. Rb4 Kc6 36. Rb8 Rd7 37. Ke3 Kc5 38. Rc8+ Kb4 39. a6 Ka5 40. Rc6 1-0

[Event "Olimpiade 2014 - Open"]
[Site "Tromsø"]
[Date "03.08.2014"]
[Round "2.12"]
[Board "4"]
[White "Santos Flores, Alberto"]
[Black "Van Wely, Loek"]
[Result "0-1"]
[WhiteTitle "IM"]
[BlackTitle "GM"]
[WhiteElo "2291"]
[BlackElo "2662"]
[WhiteTeam "Ecuador"]
[BlackTeam "Netherlands"]
[WhiteFideId "3601234"]
[BlackFideId "1000268"]
[EventDate "2014.08.02"]

1. e4 c5 2. Nf3 Nc6 3. d4 cxd4 4. Nxd4 e6 5. Nc3 Qc7 6. g3 a6 7. Bg2 Nf6 8. O-O
Be7 9. Re1 d6 10. Nxc6 bxc6 11. e5 dxe5 12. Rxe5 O-O 13. Re1 Bb7 14. Bf4 Qa5 15.
Ne4 Rad8 16. Qe2 Nd5 17. Bd2 Qc7 18. c4 Nb4 19. Bc3 c5 20. Qg4 e5 21. Ng5 Bxg2
22. Kxg2 Qc6+ 23. Nf3 f5 24. Qh5 Nd3 25. Re2 g6 26. Qh6 Bf6 27. Qe3 e4 28. Ne1
Bd4 29. Qh6 f4 0-1

[Event "Olimpiade 2014 - Open"]
[Site "Tromsø"]
[Date "03.08.2014"]
[Round "2.13"]
[Board "2"]
[White "Fridman, Daniel"]
[Black "Djurhuus, Rune"]
[Result "1-0"]
[WhiteTitle "GM"]
[BlackTitle "GM"]
[WhiteElo "2639"]
[BlackElo "2436"]
[WhiteTeam "Germany"]
[BlackTeam "Norway 3"]
[WhiteFideId "11600454"]
[BlackFideId "1500082"]
[EventDate "2014.08.02"]

1. d4 Nf6 2. Nf3 g6 3. c4 Bg7 4. Nc3 O-O 5. g3 d6 6. Bg2 Nc6 7. O-O a6 8. d5 Na5
9. b3 c5 10. dxc6 Nxc6 11. Bb2 Ne4 12. Qc1 Nxc3 13. Bxc3 Bxc3 14. Qxc3 Qa5 15.
Qe3 Bg4 16. Rfd1 Rac8 17. Nd4 Rc7 18. Nxc6 bxc6 19. Rd4 Be6 20. Rh4 h5 21. Bf3
Qe5 22. Qxe5 dxe5 23. Re4 f6 24. c5 Rd8 25. Ra4 f5 26. e4 Rd3 27. exf5 gxf5 28.
Bxh5 Rc3 29. Rxa6 Rxc5 30. b4 Rc2 31. b5 Bc4 32. Bd1 Rc3 33. Rxc6 Bxb5 34. Rxc7
Rxc7 35. a4 Ba6 36. Bf3 e4 37. Bg2 Bd3 38. a5 Ra7 39. Bf1 Ra6 40. Bxd3 exd3 41.
Kf1 e5 42. f3 Kf7 43. Kf2 f4 44. gxf4 exf4 45. Ke1 Ke7 46. Kd2 Rh6 47. a6 Rxh2+
48. Kxd3 Rh8 49. Ke4 Kd7 50. a7 Ra8 51. Kxf4 Kc6 52. Ke4 1-0

[Event "Olimpiade 2014 - Open"]
[Site "Tromsø"]
[Date "03.08.2014"]
[Round "2.13"]
[Board "3"]
[White "Hauge, Lars Oskar"]
[Black "Nisipeanu, Liviu-Dieter"]
[Result "0-1"]
[WhiteTitle "FM"]
[BlackTitle "GM"]
[WhiteElo "2346"]
[BlackElo "2689"]
[WhiteTeam "Norway 3"]
[BlackTeam "Germany"]
[WhiteFideId "1509276"]
[BlackFideId "1202758"]
[EventDate "2014.08.02"]

1. e4 e5 2. Nf3 Nc6 3. Bb5 a6 4. Ba4 Nf6 5. O-O Be7 6. Re1 b5 7. Bb3 d6 8. c3
O-O 9. h3 Na5 10. Bc2 c5 11. d4 Nd7 12. Nbd2 exd4 13. cxd4 Re8 14. Nf1 Bb7 15.
Ne3 cxd4 16. Nxd4 Bf8 17. Ng4 Rc8 18. b3 Nc6 19. Bb2 Nxd4 20. Bxd4 Ne5 21. Rc1
Qh4 22. Bb1 Rxc1 23. Qxc1 Nxg4 24. Qf4 f5 25. hxg4 Qxg4 26. Qxg4 fxg4 27. Bd3 g6
28. a4 Bg7 29. Bxg7 Kxg7 30. axb5 axb5 31. Rc1 Bxe4 32. Bxb5 Rb8 33. Rc7+ Kf6
34. Bc6 d5 35. Bb7 h5 36. b4 h4 37. b5 Rh8 38. Rc5 Ke5 39. f3 gxf3 40. gxf3 Bxf3
41. Bc8 Kf4 42. b6 Re8 43. Kf1 Kg3 44. Rc3 Re4 0-1

[Event "Olimpiade 2014 - Open"]
[Site "Tromsø"]
[Date "03.08.2014"]
[Round "2.13"]
[Board "4"]
[White "Baramidze, David"]
[Black "Mihajlov, Sebastian"]
[Result "1-0"]
[WhiteTitle "GM"]
[BlackTitle "CM"]
[WhiteElo "2612"]
[BlackElo "2305"]
[WhiteTeam "Germany"]
[BlackTeam "Norway 3"]
[WhiteFideId "4667719"]
[BlackFideId "1512110"]
[EventDate "2014.08.02"]

1. d4 d5 2. c4 c6 3. Nf3 Nf6 4. e3 Bf5 5. Nc3 e6 6. Nh4 Bg6 7. Be2 Be7 8. g3
Nbd7 9. O-O O-O 10. Nxg6 hxg6 11. Qc2 dxc4 12. Bxc4 b5 13. Be2 b4 14. Na4 c5 15.
dxc5 Nxc5 16. Nxc5 Qc7 17. a3 a5 18. Bf3 Rac8 19. axb4 axb4 20. Bd2 Bxc5 21.
Rfc1 Qb6 22. Qc4 Rfd8 23. Ra6 Qb8 24. Ra8 Qe5 25. Rxc8 Rxc8 26. Bxb4 Nd7 27. Ba3
Qb8 28. Qa6 Rc7 29. Bxc5 Rxc5 30. Rxc5 Nxc5 31. Qa8 Qxa8 32. Bxa8 Nd3 33. b3 Kf8
34. f4 Ke7 35. Bc6 Kd6 36. Be8 Ke7 37. Bb5 Nc1 38. Bc4 Na2 39. Kg2 Kd6 40. Bb5
Nc1 41. Be8 Ke7 42. Ba4 Na2 43. Kf3 Nc3 44. e4 e5 45. fxe5 Ke6 46. Kf4 g5+ 47.
Kxg5 Kxe5 48. Bc6 Na2 49. g4 Nb4 50. Bd5 1-0

[Event "Olimpiade 2014 - Open"]
[Site "Tromsø"]
[Date "03.08.2014"]
[Round "2.14"]
[Board "1"]
[White "Dominguez Perez, Leinier"]
[Black "Dias, Paulo"]
[Result "1-0"]
[WhiteTitle "GM"]
[BlackTitle "IM"]
[WhiteElo "2760"]
[BlackElo "2416"]
[WhiteTeam "Cuba"]
[BlackTeam "Portugal"]
[WhiteFideId "3503240"]
[BlackFideId "1900803"]
[EventDate "2014.08.02"]

1. e4 e5 2. Nf3 Nc6 3. Bb5 Nf6 4. O-O Nxe4 5. d4 Nd6 6. Bxc6 dxc6 7. dxe5 Nf5 8.
Qxd8+ Kxd8 9. h3 Be6 10. g4 Ne7 11. Ng5 h5 12. Nxe6+ fxe6 13. Kg2 Ng6 14. f4 Be7
15. Nd2 Kd7 16. Ne4 c5 17. Be3 Kc6 18. c4 Raf8 19. b3 b6 20. Kg3 Bh4+ 21. Kg2
Be7 22. Rad1 Rf7 23. Rf2 Nh4+ 24. Kg3 Ng6 25. Kg2 Nh4+ 26. Kg1 Ng6 27. Rdf1 hxg4
28. hxg4 Rh3 29. Bd2 Bh4 30. Kg2 Rd3 31. Re2 Rf8 32. Be3 a5 33. Rf3 a4 34. Rd2
Rfd8 35. Rxd3 Rxd3 36. Bg1 Rd1 37. Nc3 Rd2+ 38. Kh3 Be1 39. Nxa4 Rxa2 40. Bh2
Re2 41. Bg3 Bd2 42. Nc3 Bxc3 43. Rxc3 b5 44. cxb5+ Kxb5 45. Rd3 Kc6 46. Rd8 Re3
47. Kg2 Rxb3 48. f5 Rb4 49. fxg6 Rxg4 50. Kf3 Rxg6 51. Rd1 Rh6 52. Bf4 Rh3+ 53.
Ke4 Ra3 54. Rd8 Ra4+ 55. Kf3 Ra3+ 56. Be3 Rb3 57. Rd1 Rc3 58. Rd8 Ra3 59. Rd2
Rc3 60. Rd1 Ra3 61. Rc1 Ra5 62. Bf4 Ra3+ 63. Be3 Ra5 64. Rg1 Kd5 65. Rxg7 Kxe5
66. Rxc7 Kd6 67. Rc8 Kd7 68. Rh8 Kd6 69. Rd8+ Kc7 70. Rd1 Kc6 71. Ke4 c4 72. Rc1
Ra4 73. Kd4 Kb5 74. Rh1 Ra3 75. Rh5+ Kb4 76. Bd2+ c3 77. Be1 Rb3 78. Rc5 Rb1 79.
Bxc3+ Kb3 80. Kd3 Rh1 81. Rb5+ Ka4 82. Rb4+ Ka3 83. Rb8 Rh3+ 84. Kc2 Rh2+ 85.
Kd3 Ka4 86. Kc4 Rh4+ 87. Bd4 Rh5 88. Rg8 Rf5 89. Rh8 Rg5 90. Re8 Rh5 91. Rb8 Rg5
92. Rb7 Rh5 93. Bf2 Rg5 94. Bd4 Rh5 95. Bf6 Rf5 96. Bc3 Rf4+ 97. Bd4 Rf5 98. Rb1
Rf3 99. Rb4+ Ka3 100. Rb1 Ka4 101. Rb8 Rf5 102. Rb4+ Ka5 103. Rb1 Ka6 104. Rb6+
Ka5 105. Rc6 Ka4 106. Ra6+ Ra5 107. Rb6 Rh5 108. Rb7 Rg5 109. Rb8 Rh5 110. Bf6
Rf5 111. Bc3 Rf4+ 112. Bd4 Rf5 113. Rb4+ Ka5 114. Rb1 Ka6 115. Rb6+ Ka5 116.
Rxe6 Ka4 1-0

[Event "Olimpiade 2014 - Open"]
[Site "Tromsø"]
[Date "03.08.2014"]
[Round "2.14"]
[Board "2"]
[White "Ferreira, Jorge Viterbo"]
[Black "Bruzon Batista, Lazaro"]
[Result "0-1"]
[WhiteTitle "IM"]
[BlackTitle "GM"]
[WhiteElo "2413"]
[BlackElo "2664"]
[WhiteTeam "Portugal"]
[BlackTeam "Cuba"]
[WhiteFideId "1910850"]
[BlackFideId "3503739"]
[EventDate "2014.08.02"]

1. e4 c5 2. Nf3 d6 3. d4 cxd4 4. Nxd4 Nf6 5. Nc3 a6 6. Be2 e5 7. Nb3 Be7 8. O-O
O-O 9. Re1 Be6 10. Bf3 Nbd7 11. a4 Qb8 12. Nd2 Bd8 13. Nf1 Bb6 14. Ne3 Qc7 15.
g4 Bxe3 16. Bxe3 Nb6 17. Nd5 Nfxd5 18. exd5 Bc8 19. c4 f5 20. Rc1 fxg4 21. Bg2
Bf5 22. c5 Nd7 23. b4 Rf7 24. c6 Nf8 25. b5 axb5 26. axb5 b6 27. Ra1 Rb8 28. Ra6
Ng6 29. Qa4 Bc8 30. Ra8 Rxa8 31. Qxa8 Rf8 32. Ra1 Qf7 33. Qb8 Nh4 34. Ra8 Qf5
35. Qxd6 Nf3+ 36. Bxf3 gxf3 37. Qb4 Qg6+ 0-1

[Event "Olimpiade 2014 - Open"]
[Site "Tromsø"]
[Date "03.08.2014"]
[Round "2.14"]
[Board "3"]
[White "Quesada Perez, Yuniesky"]
[Black "Rocha, Sergio"]
[Result "1-0"]
[WhiteTitle "GM"]
[BlackTitle "IM"]
[WhiteElo "2649"]
[BlackElo "2392"]
[WhiteTeam "Cuba"]
[BlackTeam "Portugal"]
[WhiteFideId "3504409"]
[BlackFideId "1900404"]
[EventDate "2014.08.02"]

1. e4 g6 2. d4 Bg7 3. Nc3 d5 4. exd5 Nf6 5. Bc4 Nbd7 6. Bg5 Nb6 7. Bxf6 Bxf6 8.
Bb3 c6 9. dxc6 Qxd4 10. Qxd4 Bxd4 11. Nge2 Bxc3+ 12. Nxc3 bxc6 13. O-O-O e6 14.
Ne4 Ke7 15. f4 Bd7 16. c4 a5 17. Nc5 a4 18. Bxa4 Nxa4 19. Nxd7 f6 20. Rd3 Rhd8
21. Rhd1 h6 22. R1d2 Ra7 23. Nc5 Rxd3 24. Nxd3 g5 25. g3 Kd6 26. Ne5+ Kc5 27.
b4+ Kb6 28. Nd7+ Ka6 29. Kc2 Nb6 30. Nc5# 1-0

[Event "Olimpiade 2014 - Open"]
[Site "Tromsø"]
[Date "03.08.2014"]
[Round "2.14"]
[Board "4"]
[White "Rego, Pedro Filipe"]
[Black "Gonzalez Vidal, Yuri"]
[Result "0-1"]
[BlackTitle "GM"]
[WhiteElo "2273"]
[BlackElo "2550"]
[WhiteTeam "Portugal"]
[BlackTeam "Cuba"]
[WhiteFideId "1904310"]
[BlackFideId "3503321"]
[EventDate "2014.08.02"]

1. Nf3 c5 2. c4 Nc6 3. g3 g6 4. Bg2 Bg7 5. Nc3 d6 6. O-O e6 7. a3 Nge7 8. Rb1 b6
9. b4 Bb7 10. Qc2 Qd7 11. d3 O-O 12. e3 h6 13. Rd1 e5 14. Nd5 Nxd5 15. cxd5 Ne7
16. d4 cxd4 17. exd4 Rac8 18. Qd3 Nxd5 19. dxe5 Nc3 20. Re1 Nxb1 21. e6 fxe6 22.
Bh3 Rxf3 23. Qxb1 Rf5 24. Bf4 Qc6 0-1

[Event "Olimpiade 2014 - Open"]
[Site "Tromsø"]
[Date "03.08.2014"]
[Round "2.15"]
[Board "1"]
[White "Gajewski, Grzegorz"]
[Black "Wang, Puchen"]
[Result "1/2-1/2"]
[WhiteTitle "GM"]
[BlackTitle "IM"]
[WhiteElo "2659"]
[BlackElo "2449"]
[WhiteTeam "Poland"]
[BlackTeam "New Zealand"]
[WhiteFideId "1116207"]
[BlackFideId "4300904"]
[EventDate "2014.08.02"]

1. c4 e5 2. Nc3 Nc6 3. e3 Nf6 4. Nf3 Be7 5. Qb3 O-O 6. Be2 Re8 7. O-O Bb4 8. Nd5
Bc5 9. d3 d6 10. Bd2 Nxd5 11. cxd5 Ne7 12. Ba5 Bb6 13. Bxb6 axb6 14. d4 e4 15.
Nd2 Ra5 16. Nxe4 Nxd5 17. Ng3 Nf6 18. Qc2 h5 19. b4 Rg5 20. f4 Rg6 21. f5 Rg5
22. Rf3 h4 23. Nf1 Ne4 24. Bd3 d5 25. Bxe4 dxe4 26. Rf4 Bxf5 27. Rxh4 Rxg2+ 28.
Kxg2 Qxh4 29. Qxc7 Rc8 30. Qg3 Rc2+ 31. Kg1 Qh5 32. Qb8+ Kh7 33. Qf4 Qh3 34. Qg3
Qh5 35. Qf4 Qh3 36. Qg3 Qh5 1/2-1/2

[Event "Olimpiade 2014 - Open"]
[Site "Tromsø"]
[Date "03.08.2014"]
[Round "2.15"]
[Board "3"]
[White "Bartel, Mateusz"]
[Black "Li, Zuhao Luke"]
[Result "1/2-1/2"]
[WhiteTitle "GM"]
[BlackTitle "FM"]
[WhiteElo "2640"]
[BlackElo "2365"]
[WhiteTeam "Poland"]
[BlackTeam "New Zealand"]
[WhiteFideId "1112635"]
[BlackFideId "4303431"]
[EventDate "2014.08.02"]

1. c4 e6 2. g3 d5 3. Bg2 Nf6 4. Nf3 dxc4 5. Qa4+ c6 6. Qxc4 b5 7. Qc2 Bb7 8. d4
Nbd7 9. Ne5 Qb6 10. Nc3 Qxd4 11. Nxd7 Qxd7 12. O-O c5 13. Rd1 Qc8 14. Bxb7 Qxb7
15. Bg5 Be7 16. Bxf6 gxf6 17. Rd2 Rc8 18. Rad1 Rc7 19. a4 a6 20. axb5 axb5 21.
Qb3 b4 22. Qa4+ Qc6 23. Qxc6+ Rxc6 24. Nb5 f5 25. Rd7 Bf6 26. b3 O-O 27. Nd6 Ra6
28. Nc4 Ra2 29. e3 Rc2 30. Ra7 Rxc4 31. bxc4 b3 32. Rb7 b2 33. Kf1 Ra8 34. Ke2
Ra4 35. Kd3 Ra3+ 36. Kc2 Ra4 37. Kb3 Ra1 38. Kc2 Ra4 39. Kb3 Ra1 40. Kc2 Ra4 1/2-1/2

[Event "Olimpiade 2014 - Open"]
[Site "Tromsø"]
[Date "03.08.2014"]
[Round "2.15"]
[Board "4"]
[White "Ker, Anthony F"]
[Black "Socko, Bartosz"]
[Result "0-1"]
[WhiteTitle "IM"]
[BlackTitle "GM"]
[WhiteElo "2316"]
[BlackElo "2612"]
[WhiteTeam "New Zealand"]
[BlackTeam "Poland"]
[WhiteFideId "4300084"]
[BlackFideId "1107038"]
[EventDate "2014.08.02"]

1. e4 e5 2. Nf3 Nc6 3. d4 exd4 4. Nxd4 Bc5 5. Nxc6 Qf6 6. Qd2 dxc6 7. Nc3 Bd4 8.
Bd3 Ne7 9. O-O Ng6 10. Rb1 Ne5 11. Ne2 Bb6 12. Qf4 Nxd3 13. Qxf6 gxf6 14. cxd3
Be6 15. b3 O-O-O 16. Nf4 f5 17. Bb2 Rhe8 18. Bc3 Bd4 19. Bxd4 Rxd4 20. f3 a5 21.
Rfe1 Red8 22. Kf2 a4 23. Rb2 b6 24. h3 Rb4 25. Reb1 Kb7 26. g4 fxe4 27. fxe4 c5
28. Ke3 Rbd4 29. Rd2 Kc6 30. Nxe6 fxe6 31. Rf1 axb3 32. axb3 Rb4 33. Rb2 b5 34.
Rf6 c4 35. dxc4 bxc4 36. Rxe6+ Kc5 37. Re5+ Kb6 38. Rd2 Rxd2 39. Kxd2 cxb3 40.
Kc1 c5 41. Re8 c4 42. Rc8 Ra4 43. e5 Kb5 44. e6 Ra7 45. Kb2 Re7 46. Rb8+ Kc5 47.
Rc8+ Kd5 48. Rd8+ Kxe6 49. Rd4 Rc7 50. Kc3 Ke5 51. h4 b2 52. Rd1 Rb7 53. Rb1 Kf4
54. Kxc4 Kxg4 55. Kd3 Kxh4 56. Kc2 Kg3 0-1

[Event "Olimpiade 2014 - Open"]
[Site "Tromsø"]
[Date "03.08.2014"]
[Round "2.16"]
[Board "1"]
[White "Ali, Sebbar"]
[Black "Navara, David"]
[Result "0-1"]
[WhiteTitle "IM"]
[BlackTitle "GM"]
[WhiteElo "2387"]
[BlackElo "2716"]
[WhiteTeam "Morocco"]
[BlackTeam "Czech Republic"]
[WhiteFideId "8100977"]
[BlackFideId "309095"]
[EventDate "2014.08.02"]

1. e4 c5 2. Nf3 e6 3. b3 b6 4. c4 Bb7 5. Nc3 Nf6 6. e5 Ne4 7. Bb2 Be7 8. Be2
Nxc3 9. Bxc3 Nc6 10. O-O d6 11. exd6 Qxd6 12. d4 Bf6 13. Rc1 cxd4 14. Ba1 O-O
15. Ne1 Rad8 16. Bf3 Be5 17. Nd3 Bxh2+ 18. Kh1 Bf4 19. c5 bxc5 20. Nxf4 Qxf4 21.
Rxc5 Ne5 22. Bxb7 Qh4+ 23. Kg1 Ng4 24. Re1 Qxf2+ 25. Kh1 Qh4+ 26. Kg1 d3 27. Be5
Qf2+ 28. Kh1 d2 0-1

[Event "Olimpiade 2014 - Open"]
[Site "Tromsø"]
[Date "03.08.2014"]
[Round "2.16"]
[Board "2"]
[White "Laznicka, Viktor"]
[Black "Tissir, Mohamed"]
[Result "1/2-1/2"]
[WhiteTitle "GM"]
[BlackTitle "IM"]
[WhiteElo "2676"]
[BlackElo "2366"]
[WhiteTeam "Czech Republic"]
[BlackTeam "Morocco"]
[WhiteFideId "316385"]
[BlackFideId "9000240"]
[EventDate "2014.08.02"]

1. d4 Nf6 2. c4 g6 3. f3 Bg7 4. e4 O-O 5. Ne2 c5 6. d5 d6 7. Nec3 e5 8. Bg5 Na6
9. Nd2 Nc7 10. Be2 h6 11. Bh4 Rb8 12. a3 Bd7 13. b4 b6 14. Qc2 Qe8 15. O-O Nh5
16. Rfb1 g5 17. Bf2 Nf4 18. Bf1 g4 19. fxg4 Bxg4 20. bxc5 dxc5 21. Rb3 Bd7 22.
Re1 Qe7 23. Nf3 Ne8 24. Qd2 Bg4 25. Nd1 Nd6 26. Bg3 Ng6 27. Nf2 Bd7 28. Qc1 Rfc8
29. Rc3 Re8 30. Nd2 Kh7 31. Be2 Rg8 32. Qd1 Bf6 33. Bg4 Bg5 34. Bxd7 Qxd7 35.
Nf1 Rg7 36. Nh3 Kg8 37. Qh5 f6 38. Qf3 Rf8 39. Ne3 f5 40. exf5 Bxe3+ 41. Qxe3
Nxf5 42. Qd2 Nd4 43. Qxh6 Qg4 44. Kh1 Nf4 45. Nf2 Qf5 46. Bxf4 exf4 47. Rh3 f3
48. gxf3 Nxf3 49. Qh8+ Kf7 50. Re7+ Kxe7 51. Qxg7+ Rf7 52. Qb2 Nd4 53. Kg1 Kd7
54. Re3 Qg5+ 55. Rg3 Qf4 56. Kg2 Nf5 57. Rg8 Nd4 58. Rg3 Nf5 59. Rg8 Nd4 60. Rg3
Nf5 61. Rg8 1/2-1/2

[Event "Olimpiade 2014 - Open"]
[Site "Tromsø"]
[Date "03.08.2014"]
[Round "2.16"]
[Board "3"]
[White "Onkoud, Abdelaziz"]
[Black "Hracek, Zbynek"]
[Result "0-1"]
[WhiteTitle "IM"]
[BlackTitle "GM"]
[WhiteElo "2383"]
[BlackElo "2634"]
[WhiteTeam "Morocco"]
[BlackTeam "Czech Republic"]
[WhiteFideId "9000283"]
[BlackFideId "300071"]
[EventDate "2014.08.02"]

1. d4 Nf6 2. Nf3 e6 3. e3 c5 4. c3 b6 5. Nbd2 Be7 6. a4 O-O 7. a5 Ba6 8. axb6
axb6 9. Bxa6 Nxa6 10. O-O d5 11. Ne5 Bd6 12. f4 b5 13. b3 Nc7 14. Rxa8 Qxa8 15.
Bb2 Qb7 16. Qc2 c4 17. bxc4 bxc4 18. Rb1 Nb5 19. h3 g6 20. Nef3 Ra8 21. g4 Ra2
22. Qc1 Nd7 23. Ra1 Nxd4 24. exd4 0-1

[Event "Olimpiade 2014 - Open"]
[Site "Tromsø"]
[Date "03.08.2014"]
[Round "2.16"]
[Board "4"]
[White "Babula, Vlastimil"]
[Black "Hifad, Rachid"]
[Result "1-0"]
[WhiteTitle "GM"]
[BlackTitle "IM"]
[WhiteElo "2549"]
[BlackElo "2311"]
[WhiteTeam "Czech Republic"]
[BlackTeam "Morocco"]
[WhiteFideId "301264"]
[BlackFideId "9000623"]
[EventDate "2014.08.02"]

1. d4 d5 2. c4 c6 3. Nf3 Nf6 4. Nc3 dxc4 5. a4 Bf5 6. Nh4 Bc8 7. e3 e5 8. Bxc4
exd4 9. exd4 Be7 10. O-O O-O 11. Re1 Na6 12. Nf3 Nb4 13. Ne5 Nfd5 14. a5 f6 15.
Nd3 Kh8 16. Nf4 Bd6 17. Ncxd5 cxd5 18. Bb3 Bf5 19. Bd2 Nc6 20. a6 b6 21. Be3 Na5
22. Bc2 Bxc2 23. Qxc2 Bxf4 24. Bxf4 Qd7 25. Re2 Qg4 26. Bd6 Rfc8 27. Qd3 Nb3 28.
h3 Qd7 29. Qxb3 Qxd6 30. Rae1 h6 31. Qd3 Qf4 32. g3 Qg5 33. Kg2 h5 34. h4 Qg4
35. f3 Qd7 36. Qg6 Qb5 37. Re7 1-0

[Event "Olimpiade 2014 - Open"]
[Site "Tromsø"]
[Date "03.08.2014"]
[Round "2.17"]
[Board "1"]
[White "Omar, Noaman"]
[Black "Cheparinov, Ivan"]
[Result "0-1"]
[WhiteTitle "IM"]
[BlackTitle "GM"]
[WhiteElo "2350"]
[BlackElo "2681"]
[WhiteTeam "United Arab Emirates"]
[BlackTeam "Bulgaria"]
[WhiteFideId "9300244"]
[BlackFideId "2905540"]
[EventDate "2014.08.02"]

1. d4 Nf6 2. c4 g6 3. Nc3 Bg7 4. e4 d6 5. h3 O-O 6. Nf3 e5 7. d5 Nh5 8. g3 f5 9.
exf5 gxf5 10. Ng5 Nf6 11. g4 Qe7 12. gxf5 Bxf5 13. Be3 Na6 14. Rg1 Nb4 15. Rc1
e4 16. a3 Nd3+ 17. Bxd3 exd3 18. Ne6 Bxe6 19. dxe6 Qxe6 20. Qxd3 c6 21. Kd2 Nd7
22. Kc2 Ne5 23. Qe4 Qxc4 24. Rxg7+ Kxg7 25. Rg1+ Kh8 26. Bd4 Qf7 27. Kb1 Rae8
28. Nd1 Qf5 29. Qxf5 Rxf5 30. Rg4 Ref8 31. Bc3 Rf4 32. Ne3 Rxg4 33. hxg4 Rxf2
34. Nc4 Kg8 0-1

[Event "Olimpiade 2014 - Open"]
[Site "Tromsø"]
[Date "03.08.2014"]
[Round "2.17"]
[Board "2"]
[White "Iotov, Valentin"]
[Black "AlHuwar, Jasem"]
[Result "1-0"]
[WhiteTitle "GM"]
[BlackTitle "FM"]
[WhiteElo "2553"]
[BlackElo "2277"]
[WhiteTeam "Bulgaria"]
[BlackTeam "United Arab Emirates"]
[WhiteFideId "2906074"]
[BlackFideId "9300465"]
[EventDate "2014.08.02"]

1. d4 g6 2. c4 Bg7 3. Nf3 d6 4. e4 Bg4 5. Be2 Nc6 6. Be3 e5 7. d5 Bxf3 8. Bxf3
Nd4 9. Bxd4 exd4 10. O-O Ne7 11. Nd2 O-O 12. Be2 c5 13. Bd3 Qd7 14. Re1 Bh6 15.
g3 Rae8 16. h4 Qc7 17. h5 Qb6 18. Rb1 Qa5 19. f4 Qxa2 20. Qg4 Kg7 21. Re2 Ng8
22. hxg6 Nf6 23. Qf3 fxg6 24. Rh2 Qa5 25. g4 Ng8 26. Qh3 Rxf4 27. g5 Bxg5 28.
Qxh7+ Kf8 29. Qxg6 Qd8 30. Rh8 Rg4+ 31. Kh1 Rh4+ 32. Rxh4 Bxh4 33. Rg1 1-0

[Event "Olimpiade 2014 - Open"]
[Site "Tromsø"]
[Date "03.08.2014"]
[Round "2.17"]
[Board "3"]
[White "Khouri, Ibrahim Mohamed"]
[Black "Rusev, Krasimir"]
[Result "1/2-1/2"]
[WhiteTitle "FM"]
[BlackTitle "GM"]
[WhiteElo "2225"]
[BlackElo "2548"]
[WhiteTeam "United Arab Emirates"]
[BlackTeam "Bulgaria"]
[WhiteFideId "9301526"]
[BlackFideId "2905434"]
[EventDate "2014.08.02"]

1. e4 g6 2. d4 Bg7 3. Nc3 c6 4. f4 d5 5. e5 Nh6 6. Nf3 Bg4 7. Be3 f6 8. h3 Bxf3
9. Qxf3 O-O 10. exf6 exf6 11. g4 f5 12. O-O-O Nd7 13. Bd3 Qa5 14. Kb1 Rae8 15.
Ne2 Qc7 16. Bd2 a5 17. c4 Nb6 18. Bxa5 Ra8 19. Bxb6 Qxb6 20. cxd5 c5 21. Bc4
cxd4 22. d6+ Nf7 23. Bb3 Kh8 24. g5 Rae8 25. Rd3 Qxd6 26. h4 h5 27. gxh6 Nxh6
28. h5 gxh5 29. Rxh5 Re4 30. Rxf5 Rfe8 31. Re5 R8xe5 32. fxe5 Qxe5 33. Nc1 Re1
34. Qh3 Qf5 35. Qxf5 Nxf5 36. Rd1 Re3 37. Rh1+ Nh6 38. Kc2 Kh7 39. Kd2 Bf6 1/2-1/2

[Event "Olimpiade 2014 - Open"]
[Site "Tromsø"]
[Date "03.08.2014"]
[Round "2.17"]
[Board "4"]
[White "Dimitrov, Radoslav"]
[Black "Ahmed, Fareed"]
[Result "1-0"]
[WhiteTitle "IM"]
[WhiteElo "2461"]
[BlackElo "1899"]
[WhiteTeam "Bulgaria"]
[BlackTeam "United Arab Emirates"]
[WhiteFideId "2908549"]
[BlackFideId "9303677"]
[EventDate "2014.08.02"]

1. Nc3 e5 2. Nf3 Nc6 3. d4 exd4 4. Nxd4 Qf6 5. Ndb5 Bc5 6. Nxc7+ Kd8 7. e3 Rb8
8. N7d5 Qh4 9. g3 Qh6 10. e4 Qg6 11. Bh3 Nge7 12. Nf4 Qf6 13. O-O h5 14. Nfd5
Qg6 15. Bf4 Ra8 16. Bf5 Nxf5 17. exf5 Qxf5 18. Bc7+ Ke8 19. Ne4 Ne7 20. Nxe7
Bxe7 21. Re1 Kf8 22. Bd6 Qg6 23. Qd5 Bxd6 24. Nxd6 Kg8 25. Nxf7 1-0